Field theory for engineers /

Guardado en:
Autor Principal: Moon, Parry Hiram, 1898-
Otros Autores: Spencer, Domina Eberle, 1920-
Formato: Libro
Idioma:English
Publicado: Princeton, N.J. : Van Nostrand, c1961.
Series:The Van Nostrand series in electronics and communications
Etiquetas: Agregar Etiqueta
Sin Etiquetas, Sea el primero en etiquetar este registro!
LEADER 00677nam a22001935 4500
001 MAT.inmabb001967
008 840203s1961####njua#####b####001#0#eng#d
005 20170614160057.0
245 1 0 |a Field theory for engineers /  |c by Parry Moon and Domina Eberle Spencer. 
260 |a Princeton, N.J. :  |b Van Nostrand,  |c c1961. 
300 |a ix, 530 p. :  |b il. ;  |c 24 cm. 
440 4 |a The Van Nostrand series in electronics and communications 
504 |a Incluye referencias bibliográficas. 
510 4 |a MR,  |c 22 #11766 
100 1 |a Moon, Parry Hiram,  |d 1898- 
700 1 |a Spencer, Domina Eberle,  |d 1920- 
084 |a 78.00  |2 MR 
010 |a  61008539  
859 |h 78  |i M818  |p A-3600  |b BIB. MATEMATICA